000 00680nam a22002171c 4500
001 a987676002
008 160316s2005 gw |||| 000u ger d
020 _a3525362803
_93-525-36280-3
041 _ager
100 1 _aGrosse Kracht, Klaus
245 0 4 _aDie zankende Zunft :
_bhistorische Kontroversen in Deutschland nach 1945 /
_cKlaus Grosse Kracht
264 _aGöttingen :
_bVandenhoeck & Ruprecht,
_c2005
300 _a224 S. ; 205 mm x 123 mm
650 0 _aGeschichtswissenschaft
650 0 _aGoldhagen, Daniel Jonah <Hitler's willing executioners>
650 0 _aKontroverse
651 0 _aDeutschland
942 _cMG
040 _cRU-10907106
003 RU-10907106
999 _c34027
_d34027